000 00570nam a2200217Ia 4500
005 20250508154514.0
008 008 250505s9999 xx 000 0 eng d
037 _aTextBook
040 _aFEDL
_beng
_cFEDL
041 _aeng
_2eng
084 _a371.9, BAK
_qFEDL
100 _aBaker Harry J
245 0 _aExceptional children
250 _a3
260 _aNew York, USA
_bThe Macmillan Company
_c1964
300 _axv,523p
365 _aINR
_b40.69
650 _aSpecial Education
_9757710
942 _cTB
_h371.9, BAK
999 _c1350650
_d1350650